00345nam a2200121Ia 4500008004100000041000800041082001200049100001800061245004500079260005600124300003200180365001100212240624s9999 xx 000 0 und d aeng a330 SEN aSEN RAJ KUMAR aMODERN INDIAN ECONOMY ESSAYS IN MEMORY O c2011aNew DelhibDeep & Deep Publications Pvt. Ltd. axxix, : 690 : p. : cm. ; 25 cRSb20